LEADER 01351nam a2200253 i 4500 001 000000237639 003 CaOOAMICUS 005 20150107000000.0 008 150107s1954 it u000 u ita u 013 $a216544 040 $aSeMil$bita 100 1 $aLa Pira, Giorgio,$c.$0(OLS)http://semarc/name/6864 245 10$aPer una architettura cristiana dello stato :$bpremesse della Politica (2. Edizione) Architettura dello stato democratico L'attesa della povera gente /$cGiorgio La Pira. 260 $aFirenze :$bLibreria Editrice Fiorentina,$cstampa 1954. 300 $aXXIV, 379 p. ;$c20 cm. 490 0 $aQuestioni disputate ;$v2 500 $aIn appendice : Colloqui con le monache di clausura d'Italia. 650 4$aPolitica - Teorie.$0(OLS)http://semarc/subject/1691 650 4$aStato - Concezione cristiana.$0(OLS)http://semarc/subject/14864 830 0$aQuestioni disputate ;$v2.$0(OLS)http://semarc/title/42475 850 $aSeMil 852 $aSeMil$W1$xVenegono$y1$m3N I 260$j187985$B187985$CSeMilBibl$Z2$F198904 $81 996 $6245$aPer una architettura cristiana dello stato :$bpremesse della Politica (2. Edizione) Architettura dello stato democratico L'attesa della povera gente$9(OLS)http://semarc/title/338728 996 $6260$aFirenze :$bLibreria Editrice Fiorentina$9(OLS)http://semarc/publisher/30629 LEADER 00978nam a2200205 i 4500 001 000000015098 003 CaOOAMICUS 005 20180830125442.0 008 180830s1909 fr u000 u und u 040 $aSeMil$bita 100 1 $aBoissier, Gaston <1823-1908>.$0(OLS)http://semarc/name/1066 245 13$aLa fin du paganisme :$bétude sur les dernières luttes religieuses en Occident au quatrième siècle /$cpar Gaston Boissier de l'Académie française et de l'Académie des inscriptions et belles-lettres. 250 $asixième édition. 260 $aParis :$bLibrairie Hachette,$c1909. 300 $a2 v. ;$c19 cm. 650 4$aPaganesimo.$0(OLS)http://semarc/subject/2477 774 0 $tTome premier.$w()146352 774 0 $tTome second.$w()146353 996 $6245$aLa fin du paganisme :$bétude sur les dernières luttes religieuses en Occident au quatrième siècle$9(OLS)http://semarc/title/20015 996 $6260$aParis :$bLibrairie Hachette$9(OLS)http://semarc/publisher/33597